| 000 | 00370pab a2200157 454500 | ||
|---|---|---|---|
| 008 | 180718b2003 xxu||||| |||| 00| 0 eng d | ||
| 100 | _aOda, Masao | ||
| 245 | _aOn the price of non-traded goods | ||
| 260 | _c2003 | ||
| 300 | _ap.115-23. | ||
| 362 | _aJan-Jun | ||
| 650 | _aTrade | ||
| 700 | _aStapp, Robert B. | ||
| 773 | _aIndian Economic Review | ||
| 909 | _a65413 | ||
| 999 |
_c65413 _d65413 |
||